The history of final vowels in English the sound of muting (Record no. 52694)

MARC details
000 -LEADER
fixed length control field 00561nam a2200205Ia 4500
008 - FIXED-LENGTH DATA ELEMENTS--GENERAL INFORMATION
fixed length control field 191130s1991##################000#0#eng##
020 ## - INTERNATIONAL STANDARD BOOK NUMBER
ISBN 9783110127638
082 ## - DEWEY DECIMAL CLASSIFICATION NUMBER
Classification number 421.5 MIN
100 ## - MAIN ENTRY--AUTHOR NAME
Personal name Minkova, Donka
245 ## - TITLE STATEMENT
Title The history of final vowels in English the sound of muting
Statement of responsibility, etc Donka Minkova
250 ## - EDITION STATEMENT
Edition statement 1st ed
260 ## - PUBLICATION, DISTRIBUTION, ETC. (IMPRINT)
Place of publication Berlin
Name of publisher Mouton de Gruyter
Year of publication 1991
300 ## - PHYSICAL DESCRIPTION
Number of Pages 220 p. ; 22cm
500 ## - GENERAL NOTE
General note Includes index
650 ## - SUBJECT ADDED ENTRY--TOPICAL TERM
Topical Term History
991 ## -
-- 385894
Holdings
Withdrawn status Lost status Damaged status Not for loan Home library Current library Shelving location Date acquired Full call number Accession Number Price effective from Koha item type
        Anna Centenary Library Anna Centenary Library 4TH FLOOR, B WING 09.10.2020 421.5 MIN 389476 09.10.2020 English Books

Find us on the map